Orthographe

Đã lưu trong:
书目详细资料
主要作者: Robert, Le
其他作者: Nathan
格式: 图书
出版: 1995 Nathan Paris
主题:
标签: 添加标签
没有标签, 成为第一个标记此记录!
Thư viện lưu trữ: Trung tâm Học liệu Lê Vũ Hùng, Trường Đại học Đồng Tháp
LEADER 00643pam a22002298a 4500
001 00029779
005 20171026081022.0
008 121121sPari |||||| sd
041 0 # |a fra 
082 1 4 |a 441  |b O434 
100 1 # |a Robert, Le 
245 1 0 |a Orthographe  |c Le Robert, Nathan 
260 # # |a 1995  |b Nathan  |c Paris  |e 319 p.  |g 21 cm. 
653 # # |a Chính tả 
653 # # |a Orthography 
653 # # |a Đánh vần 
653 # # |a Tiếng Pháp 
700 1 # |a Nathan 
852 # # |j KD.0014178 
852 # # |b Kho đọc  |j KD.0014178 
910 |d 21/11/2012 
980 # # |a Trung tâm Học liệu Lê Vũ Hùng, Trường Đại học Đồng Tháp